Movies Quiz

Random Movies or Famous Quiz

Actors & Actresses by Movie: 'V' Quiz Stats

 Plays Quiz Updated Feb 4, 2019

Score 0/20 Timer 05:00
15 Plays Today
% Correct
Vince Vaughn - Wedding Crashers
90.4%
Dick Van Dyke - Mary Poppins
81.4%
Abe Vigoda - The Godfather
80.8%
Jo Van Fleet - East of Eden
77.7%
Jean-Claude Van Damme
- Universal Soldier
74.2%
Arnold Vosloo - The Mummy
73%
Milo Ventimiglia - Rocky Balboa
69.4%
Dick Van Patten - Spaceballs
69.1%
Rudolph Valentino - The Sheik
67.7%
Brenda Vaccaro - Midnight Cowboy
65.7%
% Correct
Rudy Vallée - Unfaithfully Yours
65%
Jon Voight - Deliverance
63.9%
Sofía Vergara - Hot Pursuit
62.8%
Shantel VanSanten
- The Final Destination
61.5%
Casper Van Dien - Starship Troopers
61.5%
James Van Der Beek
- The Rules of Attraction
61.4%
Nadine Velazquez - Flight
60.2%
Amber Valletta - Transporter 2
56.6%
Jesse Ventura - Predator
54.2%
Brian Van Holt - House of Wax
46.5%

You're not logged in!

Compare scores with friends on all Sporcle quizzes.
OR
Log In

Show Comments

Extras

Top Quizzes Today


Score Distribution

Your Account Isn't Verified!

In order to create a playlist on Sporcle, you need to verify the email address you used during registration. Go to your Sporcle Settings to finish the process.

Report this User

Report this user for behavior that violates our Community Guidelines.

Details: